000 00592nam a22001937a 4500
005 20251108173419.0
008 250721s9999 xx 000 0 ara d
082 1 4 _a612.82/رحل
100 1 _aبوحبيب، إميل
245 1 0 _aرحلة في مجاهل الدماغ البشري /
264 1 _aبيروت :
_bمنشورات أصدقاء المعرفة البيضاء،
300 _a334ص
650 1 7 _aالدماغ
650 1 7 _aطب الاعصاب
650 1 7 _aامراض الجهاز العصبي
700 1 _aعازار، عون
942 _2ddc
_cBK
999 _c103319
_d103319